000 00638nam a2200193Ia 4500
003 IN-BaIIA
008 211028s9999 xx 000 0 eng d
020 _a0-309-02029-8
040 _cIIA Library
080 _a52
_bNAS
110 _aUnited States. National Academy of Sciences
245 0 _aAstronomy and astrophysics for the 1970's
_bvol. 1, report of the astronomy survey committee
_cedited by Harvey Brooks
260 _aWashington
_bNational Academy of Sciences
_c1972
300 _axvii, 136p.
650 _aAstronomy
_980
650 _aAstronomy and astrophysics thesaurus
700 _aBrooks, Harvey., ed.
_97608
942 _cBK
999 _c4335
_d4335